000 00902nas a2200301 4500
001 BR2010003678
003 BR-BrBNA
005 20231205114615.0
007 ta
008 230509b bl.|||p| |||| 00| 00por d
040 _aBR-BrBNA
_bpor
_cBiblioteca Nacional de Agricultura
041 _a(Pt)
072 _aF61; K50
100 1 _aSaidelles, F.L.F.
100 1 _aCaldeira, M.V.W.
100 1 _aSchumacher, M.V.
100 1 _aBalbinot, R.
100 1 _aSchirmer, W.N.
245 1 _aDeterminação do ponto de amostragem para a quantificação de macronutrientes em Acacia mearnsii de Wild.
650 _aACÁCIA NEGRA
650 _aAMOSTRAGEM
650 _aMACROELEMENTO
650 _aMADEIRA
650 _aCASCA
773 0 _tFloresta (Brazil)
_xISSN 0015-3826
_g(Jan-Mar 2010), v. 40(1) p. 49-61
_wBR2010003678
909 _a202311
_bLúcia
_c55
_dLúcia Elande
942 _2AGRIS
_n0
_cANA
999 _c209541
_d209541